<?xml version="1.0" encoding="UTF-8"?>
<record
    xmlns:xsi="http://www.w3.org/2001/XMLSchema-instance"
    xsi:schemaLocation="http://www.loc.gov/MARC21/slim http://www.loc.gov/standards/marcxml/schema/MARC21slim.xsd"
    xmlns="http://www.loc.gov/MARC21/slim">

  <leader>01234aab a2200205 i 4500</leader>
  <controlfield tag="001">768714001</controlfield>
  <controlfield tag="003">CO-MdFUSB</controlfield>
  <controlfield tag="005">20250304160709.0</controlfield>
  <controlfield tag="008">170812s1988    cr ||||| |||| 00| 0 spa d</controlfield>
  <datafield tag="040" ind1=" " ind2=" ">
    <subfield code="a">CO-MdFUSB</subfield>
    <subfield code="b">spa</subfield>
    <subfield code="c">CO-MdFUSB</subfield>
    <subfield code="d">CO-MdFUSB</subfield>
  </datafield>
  <datafield tag="041" ind1=" " ind2=" ">
    <subfield code="a">spa</subfield>
  </datafield>
  <datafield tag="100" ind1="1" ind2=" ">
    <subfield code="a">Simpson, Charles</subfield>
    <subfield code="e">autor</subfield>
  </datafield>
  <datafield tag="245" ind1="1" ind2="0">
    <subfield code="a">Prevalecer en oraci&#xF3;n</subfield>
    <subfield code="c">/ Charles Simpson </subfield>
  </datafield>
  <datafield tag="300" ind1=" " ind2=" ">
    <subfield code="a">Volumen 1. N&#xFA;mero 6 (1988), p&#xE1;ginas 114-117</subfield>
    <subfield code="c">: 28 cm.</subfield>
  </datafield>
  <datafield tag="520" ind1=" " ind2=" ">
    <subfield code="a">Este texto enfatiza la importancia de la oraci&#xF3;n como un medio para buscar la presencia de Dios y alinearse con su prop&#xF3;sito divino. Utiliza ejemplos b&#xED;blicos como Ana y Daniel para ilustrar la profunda necesidad de pureza espiritual, como la necesidad de un hijo o un profeta. El texto enfatiza que la oraci&#xF3;n no es solo una disciplina, sino un prop&#xF3;sito profundo alineado con el coraz&#xF3;n de Dios, que permite cambios y respuestas divinas. El texto anima a la Iglesia a participar en la oraci&#xF3;n por la restauraci&#xF3;n, el fortalecimiento y el despertar espiritual que pueden impactar a la sociedad.</subfield>
  </datafield>
  <datafield tag="650" ind1=" " ind2="0">
    <subfield code="a">Vida cristiana</subfield>
    <subfield code="9">19</subfield>
  </datafield>
  <datafield tag="773" ind1="0" ind2=" ">
    <subfield code="t">Conquista Cristiana</subfield>
    <subfield code="0">49446</subfield>
    <subfield code="9">60365</subfield>
    <subfield code="g">Volumen 1. N&#xFA;mero 6 (1988), p&#xE1;ginas 114-117</subfield>
    <subfield code="q">P&#xE1;gina 114</subfield>
  </datafield>
  <datafield tag="942" ind1=" " ind2=" ">
    <subfield code="c">ANA</subfield>
  </datafield>
  <datafield tag="945" ind1=" " ind2=" ">
    <subfield code="a">JTF-925</subfield>
  </datafield>
  <datafield tag="999" ind1=" " ind2=" ">
    <subfield code="c">50377</subfield>
    <subfield code="d">50377</subfield>
  </datafield>
</record>
